FTIR analýza polyuretánovej peny počas urýchleného starnutia

Na minha lista:
Detalhes bibliográficos
Autor principal: Kovács, Dóra (Author)
Outros Autores: Tiňo, Radko (Thesis advisor)
Formato: Manuscrito Livro
Idioma:eslovaco
Publicado em: 2023
Assuntos:
Acesso em linha:http://is.stuba.sk/zp/portal_zp.pl?podrobnosti=164565
Tags: Adicionar Tag
Sem tags, seja o primeiro a adicionar uma tag!

MARC

LEADER 00000ntm a22000003a 4500
001 stuzp93133
003 SK-STU
005 20230909214116.3
007 ta
008 150427s2015----xo-----f-mn---000-0-slo-d
040 |a STU  |b slo 
041 0 |a slo 
100 1 |a Kovács, Dóra  |u 049380  |4 aut  |U FCHPT Ústav prírodných a syntetických polymérov  |T FCHPT Oddelenie dreva, celulózy a papiera  |X 112021  |U C9380  |Y 129  |7 112021 
242 0 1 |a FTIR analysis of polyuretane foam during the accelerated aging  |y eng 
245 1 0 |a FTIR analýza polyuretánovej peny počas urýchleného starnutia 
260 |c 2023 
650 4 |a kultúrne dedičstvo  |2 slo 
650 4 |a starnutie  |2 slo 
650 4 |a FTIR analýza  |2 slo 
650 4 |a FTIR spectroscopy  |2 eng 
650 4 |a cultural heritage  |2 eng 
650 4 |a aging  |2 eng 
700 1 |a Tiňo, Radko  |u 049380  |k Z1  |4 ths  |U FCHPT Ústav prírodných a syntetických polymérov  |T FCHPT Oddelenie dreva, celulózy a papiera  |X 3954  |U C9380  |Y 129  |7 A000003954 
856 4 |u http://is.stuba.sk/zp/portal_zp.pl?podrobnosti=164565